| 000 | 00000nas 2200000za 4500 |
| 001 | 9.840917 |
| 003 | CaOODSP |
| 005 | 20221107151948 |
| 007 | cr ||||||||||| |
| 008 | 170802d20132020oncar psos f0 a0fre|d |
| 040 | |aCaOODSP|bfre |
| 043 | |an-cn--- |
| 086 | 1 |aNS1-34F-PDF |
| 110 | 2 |aConseil de recherches en sciences naturelles et en génie du Canada. |
| 245 | 10|aStatistiques sur le concours de subventions à la découverte (SD) et d'outils et d’instruments de recherche (OIR) de ...|h[ressource électronique]. |
| 246 | 3 |iLes livrs de 2018-2020 comportent le titre : |aStatistiques sur les concours de ... de subventions à la découverte, de subventions d'outils et d’instruments de recherche et de subventions en physique subatomique |
| 260 | |a[Ottawa] : |bConseil de recherches en sciences naturelles et en génie du Canada |
| 310 | |aAnnuel |
| 362 | 1 |aParaît depuis 2013; ne paraît plus après 2020. |
| 500 | |aTitre de départ. |
| 500 | |aPublié également en anglais sous le titre : Competitiion statistics, Discovery Grants (DG) and Research Tools and Instruments (RTI) programs. |
| 520 | 2 |a« Le rapport comprend des tableaux et des figures qui présentent des renseignements sommaires sur les concours de subventions à la découverte et d’outils et d’instrument de recherche. Il renferme aussi des statistiques détaillées. » |
| 692 | 07|2gccst|aBourse d'études |
| 692 | 07|2gccst|aFinancement public |
| 775 | 08|tCompetition statistics, Discovery Grants (DG) and Research Tools and Instruments (RTI) programs |w(CaOODSP)9.840912 |
| 780 | 00|tStatistiques du concours de subventions à la découverte de ... |w(CaOODSP)9.840916 |